000 nam a22 7a 4500
999 _c28206
_d28206
008 170222b xxu||||| |||| 00| 0 eng d
020 _a1882982428
050 _aLB 1031.5 2001
100 _aMiller, Judith E.
_d2001.
245 _aStudent-Assisted Teaching/
_bA guide to Falculty- Student Teamwork.
_cJudith, Miller E.
250 _a1st ed.
260 _aUSA:
_bAnker,
_c2001.
300 _a249p.: .ill.
_bincludes bibliografical references and index.
_c28cm
650 _aTeacher Student -relationships
700 _aGroccia
942 _2lcc
_cBOOKS
_hLB 1031.5 .M55 2001